<?xml version="1.0" encoding="UTF-8"?>
<record
    xmlns:xsi="http://www.w3.org/2001/XMLSchema-instance"
    xsi:schemaLocation="http://www.loc.gov/MARC21/slim http://www.loc.gov/standards/marcxml/schema/MARC21slim.xsd"
    xmlns="http://www.loc.gov/MARC21/slim">

  <leader>02604nab a2200325uuc4500</leader>
  <controlfield tag="001">1359098</controlfield>
  <controlfield tag="005">20240202114014.0</controlfield>
  <controlfield tag="008">140212e20130905                    spa  </controlfield>
  <datafield tag="035" ind1=" " ind2=" ">
    <subfield code="a">1359098</subfield>
  </datafield>
  <datafield tag="040" ind1=" " ind2=" ">
    <subfield code="c">comduadb</subfield>
  </datafield>
  <datafield tag="041" ind1=" " ind2=" ">
    <subfield code="a">spa</subfield>
  </datafield>
  <datafield tag="100" ind1="1" ind2="0">
    <subfield code="a">Peniche Alvarado, Carolina</subfield>
    <subfield code="4">aut</subfield>
    <subfield code="e">aut</subfield>
    <subfield code="9">692415</subfield>
  </datafield>
  <datafield tag="245" ind1="1" ind2="3">
    <subfield code="a">La impronta del ganglio linf&#xE1;tico para el diagn&#xF3;stico de neoplasias linfoides</subfield>
  </datafield>
  <datafield tag="520" ind1="3" ind2=" ">
    <subfield code="a">Introducci&#xF3;n: los linfomas son las neoplasias linfoproliferativas m&#xE1;s frecuentes en M&#xE9;xico. Su diagn&#xF3;stico se basa en el estudio histopatol&#xF3;gico. El an&#xE1;lisis morfol&#xF3;gico de la impronta del ganglio linf&#xE1;tico se ha utilizado desde hace m&#xE1;s de 40 a&#xF1;os. Los objetivos de esta investigaci&#xF3;n fueron determinar la sensibilidad, la especificidad y los valores predictivos positivo y negativo de la impronta del ganglio linf&#xE1;tico para el diagn&#xF3;stico del linfoma y estimar el &#xED;ndice interobservador. M&#xE9;todos: estudio retrospectivo, observacional y prolectivo de las improntas de ganglios linf&#xE1;ticos obtenidas por biopsia durante un periodo de seis a&#xF1;os. Resultados: se incluyeron 199 improntas; 27.1 % se consider&#xF3; reactivo (n = 54), 16.1 % como linfoma Hodgkin (n = 32), 40.2 % (n = 80) como no Hodgkin y 16.6 % (n = 33) como carcinoma metast&#xE1;sico. Al compararlas con los reportes histopatol&#xF3;gicos finales, la sensibilidad fue de 88 % (0.81-0.95), la especificidad de 64 % (0.55-0.73), el valor predictivo positivo de 67 % (0.59-0.76) y el negativo, de 86 % (0.79-0.94). La concordancia interobservador fue moderada (&#xED;ndice kappa de 0.467). Conclusiones: el an&#xE1;lisis de la impronta del ganglio linf&#xE1;tico es &#xFA;til para el diagn&#xF3;stico de las neoplasias linfoproliferativas.</subfield>
  </datafield>
  <datafield tag="650" ind1=" " ind2=" ">
    <subfield code="a">Ganglios linf&#xE1;ticos</subfield>
    <subfield code="9">207114</subfield>
  </datafield>
  <datafield tag="650" ind1=" " ind2=" ">
    <subfield code="a">Excisi&#xF3;n del ganglio linf&#xE1;tico</subfield>
    <subfield code="9">153544</subfield>
  </datafield>
  <datafield tag="650" ind1=" " ind2=" ">
    <subfield code="a">Met&#xE1;stasis linf&#xE1;tica</subfield>
    <subfield code="9">208032</subfield>
  </datafield>
  <datafield tag="650" ind1=" " ind2=" ">
    <subfield code="a">Valor predictivo de las pruebas</subfield>
    <subfield code="9">17035</subfield>
  </datafield>
  <datafield tag="700" ind1="1" ind2="0">
    <subfield code="a">Ramos Pe&#xF1;afiel, Christian Omar</subfield>
    <subfield code="4">aut</subfield>
    <subfield code="e">aut</subfield>
    <subfield code="9">471963</subfield>
  </datafield>
  <datafield tag="700" ind1="1" ind2="0">
    <subfield code="a">Mart&#xED;nez Murillo, Carlos</subfield>
    <subfield code="4">aut</subfield>
    <subfield code="e">aut</subfield>
    <subfield code="9">638127</subfield>
  </datafield>
  <datafield tag="700" ind1="1" ind2="0">
    <subfield code="a">Romero Guadarrama, M&#xF3;nica</subfield>
    <subfield code="4">aut</subfield>
    <subfield code="e">aut</subfield>
    <subfield code="9">684418</subfield>
  </datafield>
  <datafield tag="700" ind1="1" ind2="0">
    <subfield code="a">Olarte Carrillo, Irma</subfield>
    <subfield code="4">aut</subfield>
    <subfield code="e">aut</subfield>
    <subfield code="9">670540</subfield>
  </datafield>
  <datafield tag="700" ind1="1" ind2="0">
    <subfield code="a">Rozen Fuller, Etta</subfield>
    <subfield code="4">aut</subfield>
    <subfield code="e">aut</subfield>
    <subfield code="9">539368</subfield>
  </datafield>
  <datafield tag="700" ind1="1" ind2="0">
    <subfield code="a">Rozen Fuller, Etta</subfield>
    <subfield code="4">aut</subfield>
    <subfield code="e">aut</subfield>
    <subfield code="9">539368</subfield>
  </datafield>
  <datafield tag="700" ind1="1" ind2="0">
    <subfield code="a">Mart&#xED;nez Tovar, Adolfo</subfield>
    <subfield code="4">aut</subfield>
    <subfield code="e">aut</subfield>
    <subfield code="9">692416</subfield>
  </datafield>
  <datafield tag="700" ind1="1" ind2="0">
    <subfield code="a">Collazo Jaloma, Juan</subfield>
    <subfield code="4">aut</subfield>
    <subfield code="e">aut</subfield>
    <subfield code="9">702472</subfield>
  </datafield>
  <datafield tag="700" ind1="1" ind2="0">
    <subfield code="a">Mendoza Garc&#xED;a, Carlos Alberto</subfield>
    <subfield code="4">aut</subfield>
    <subfield code="e">aut</subfield>
    <subfield code="9">702473</subfield>
  </datafield>
  <datafield tag="773" ind1="0" ind2=" ">
    <subfield code="t">Revista M&#xE9;dica del Instituto Mexicano del Seguro Social  (M&#xE9;xico)</subfield>
    <subfield code="g">Vol. 51, No. 05, Sep.-Oct. 2013, p. 502-505</subfield>
    <subfield code="w">332961</subfield>
    <subfield code="x">0443-5117</subfield>
    <subfield code="0">108785</subfield>
  </datafield>
  <datafield tag="942" ind1=" " ind2=" ">
    <subfield code="c">ARIMP</subfield>
  </datafield>
  <datafield tag="999" ind1=" " ind2=" ">
    <subfield code="c">673003</subfield>
    <subfield code="d">673003</subfield>
  </datafield>
</record>
